[Event "TUR Cup"]
[Site "Antalya"]
[Date "2017.02.02"]
[Round "8"]
[White "Alpaslan, Ayhan"]
[Black "Kara, Ali Barkin"]
[Result "0-1"]
[WhiteElo "1665"]
[BlackElo "1694"]
[PlyCount "96"]
[EventDate "2017.01.28"]
[EventType "swiss"]
[EventRounds "11"]
[EventCountry "TUR"]
[SourceTitle "CBM 176 Extra"]
[Source "ChessBase"]
[SourceDate "2017.03.02"]
[SourceVersion "1"]
[SourceVersionDate "2017.03.02"]
[SourceQuality "1"]

1. e4 c5 2. Nf3 d6 3. d4 cxd4 4. Nxd4 Nf6 5. Nc3 a6 6. h3 e5 7. Nb3 Be6 8. Be2 Be7 9. g4 h6 10. Be3 b5 11. f3 Nbd7 12. Qd2 Nb6 13. Bxb6 Qxb6 14. 0-0-0 Nxg4 15. Kb1 Nf2 16. Nd5 Bxd5 17. Qxd5 0-0 18. Rhf1 Nxd1 19. Bxd1 a5 20. Nc1 Qc5 21. Qb7 Ra7 22. Qd5 Qxd5 23. exd5 f5 24. Be2 b4 25. Bb5 Bg5 26. Ne2 Be3 27. c3 Raf7 28. Kc2 e4 29. Nd4 Bxd4 30. cxd4 exf3 31. Rxf3 g5 32. Kb3 g4 33. Rg3 h5 34. hxg4 fxg4 35. Ka4 Rf4 36. Bd7 Rxd4 37. Be6+ Kg7 38. Kxa5 Kf6 39. Kb5 Ke5 40. Kc6 Rf2 41. a3 bxa3 42. Rxa3 Rxb2 43. Re3+ Kf4 44. Re1 g3 45. Kxd6 g2 46. Ke7 Kg3 47. d6 Rbd2 48. d7 h4 0-1

[Event "TUR Cup"]
[Site "Antalya"]
[Date "2017.02.02"]
[Round "9"]
[White "Alpaslan, Ayhan"]
[Black "Yilmaz, Cumhur"]
[Result "1/2-1/2"]
[WhiteElo "1665"]
[BlackElo "1859"]
[PlyCount "98"]
[EventDate "2017.01.28"]
[EventType "swiss"]
[EventRounds "11"]
[EventCountry "TUR"]
[SourceTitle "CBM 176 Extra"]
[Source "ChessBase"]
[SourceDate "2017.03.02"]
[SourceVersion "1"]
[SourceVersionDate "2017.03.02"]
[SourceQuality "1"]

1. e4 e5 2. Nf3 Nc6 3. Bc4 Bc5 4. c3 Nf6 5. d3 h6 6. b4 Bd6 7. Nh4 g6 8. g3 Be7 9. Qb3 Rh7 10. 0-0 d6 11. f4 Bh3 12. Re1 Nh5 13. Ng2 Bxg2 14. Kxg2 exf4 15. gxf4 Bh4 16. Rf1 Qd7 17. Qd1 0-0-0 18. Qf3 Rf8 19. Qh3 Qxh3+ 20. Kxh3 Be7 21. Be3 Rg7 22. Na3 g5 23. Rg1 Rfg8 24. f5 Nf4+ 25. Bxf4 gxf4 26. Rxg7 Rxg7 27. d4 h5 28. Be2 h4 29. Bg4 Kd8 30. Nc4 b5 31. Nd2 Bg5 32. Nf3 f6 33. a4 a6 34. axb5 axb5 35. Ra8+ Ke7 36. d5 Ne5 37. Nxe5 fxe5 38. Rb8 Bf6 39. Rxb5 Rg8 40. Ra5 Rb8 41. Be2 Rg8 42. Ra7 Rg1 43. Rxc7+ Kd8 44. Rf7 Bg5 45. f6 Re1 46. Bg4 Re3+ 47. Kg2 h3+ 48. Bxh3 f3+ 49. Kf2 Rxc3 1/2-1/2

[Event "TUR Cup"]
[Site "Antalya"]
[Date "2017.01.29"]
[Round "3"]
[White "Ozsarilar, Osman Nuri"]
[Black "Alpaslan, Ayhan"]
[Result "1-0"]
[WhiteElo "1817"]
[BlackElo "1665"]
[PlyCount "55"]
[EventDate "2017.01.28"]
[EventType "swiss"]
[EventRounds "11"]
[EventCountry "TUR"]
[SourceTitle "CBM 176 Extra"]
[Source "ChessBase"]
[SourceDate "2017.03.02"]
[SourceVersion "1"]
[SourceVersionDate "2017.03.02"]
[SourceQuality "1"]

1. e4 e5 2. Nf3 Nc6 3. Bb5 Bc5 4. 0-0 Nge7 5. c3 0-0 6. d4 exd4 7. cxd4 Bb6 8. d5 Nb8 9. Bg5 d6 10. Nc3 f6 11. Bd2 Nd7 12. Na4 Ne5 13. Nxe5 fxe5 14. Nxb6 cxb6 15. f4 a6 16. Bd3 Ng6 17. f5 Nh8 18. Qg4 Bd7 19. Bg5 Qe8 20. Rac1 Nf7 21. Bf6 g6 22. Qg3 Nh8 23. fxg6 Qxg6 24. Rc7 Qxg3 25. hxg3 Rf7 26. Bxh8 Rxf1+ 27. Bxf1 Bb5 28. Bf6 1-0

[Event "Manavgat Turkey Cup"]
[Site "Manavgat"]
[Date "2016.02.05"]
[Round "10"]
[White "Alpaslan, Ayhan"]
[Black "Akyuz, Murat"]
[Result "0-1"]
[WhiteElo "1750"]
[BlackElo "1874"]
[PlyCount "61"]
[EventDate "2016.01.30"]
[EventType "swiss"]
[EventRounds "11"]
[EventCountry "TUR"]
[SourceTitle "CBM 170 Extra"]
[Source "ChessBase"]
[SourceDate "2016.02.25"]
[SourceVersion "1"]
[SourceVersionDate "2016.02.25"]
[SourceQuality "1"]

1. e4 c5 2. Nf3 e6 3. d4 cxd4 4. Nxd4 a6 5. Be2 Nf6 6. Bg5 Qa5+ 7. Bd2 Qb6 8. Nb3 Nxe4 9. 0-0 Nxd2 10. Qxd2 Be7 11. Nc3 d5 12. Rfe1 0-0 13. Bd3 Nc6 14. a3 Qc7 15. Qe2 f5 16. Rad1 Bd6 17. h4 Bd7 18. g4 fxg4 19. Qxg4 Ne5 20. Rxe5 Bxe5 21. Qh5 g6 22. Bxg6 hxg6 23. Qxg6+ Bg7 24. Rd3 Qf4 25. Nd1 Rf6 26. Qg3 Bb5 27. Qxf4 Rxf4 28. Rg3 Rxh4 29. Nc5 Kf7 30. Nxb7 Be5 31. Rf3+ 0-1

[Event "Manavgat Turkey Cup"]
[Site "Manavgat"]
[Date "2016.02.04"]
[Round "8"]
[White "Alpaslan, Ayhan"]
[Black "Ensarioglu, Mehmet Nuri"]
[Result "1/2-1/2"]
[WhiteElo "1750"]
[BlackElo "1509"]
[PlyCount "134"]
[EventDate "2016.01.30"]
[EventType "swiss"]
[EventRounds "11"]
[EventCountry "TUR"]
[SourceTitle "CBM 170 Extra"]
[Source "ChessBase"]
[SourceDate "2016.02.25"]
[SourceVersion "1"]
[SourceVersionDate "2016.02.25"]
[SourceQuality "1"]

1. e4 e5 2. Nf3 d6 3. d4 Bg4 4. dxe5 Bxf3 5. Qxf3 dxe5 6. Bc4 Nf6 7. Qb3 Bc5 8. Bxf7+ Kf8 9. Nd2 Bb6 10. 0-0 Nc6 11. Bc4 g6 12. Qh3 h6 13. c3 Kg7 14. Kh1 Qe7 15. Bb3 Rad8 16. Bc2 a6 17. Nc4 Ba7 18. Ne3 Bxe3 19. Bxe3 b6 20. Rad1 Rdf8 21. f4 exf4 22. Rxf4 g5 23. Rff1 Ne5 24. Bd4 c5 25. Bxe5 Qxe5 26. Rf5 Qe7 27. e5 Nh7 28. Qd3 Rd8 29. Qxa6 Rxd1+ 30. Bxd1 Qd7 31. Qf1 Rd8 32. Bb3 Qd3 33. Rf7+ Kg6 34. Qxd3+ Rxd3 35. Rf1 Re3 36. e6 Nf6 37. h3 h5 38. Kg1 b5 39. Bc2+ Kg7 40. Rf5 g4 41. hxg4 Nxg4 42. Rf1 Rxe6 43. Bf5 Re2 44. Bxg4 hxg4 45. Rf2 Re4 46. g3 Kg6 47. Kf1 Re3 48. Kg2 Kg5 49. Rd2 Kf5 50. a3 Re5 51. c4 bxc4 52. a4 Re1 53. Rc2 Ke4 54. Kf2 Ra1 55. Re2+ Kd3 56. Re5 Kd4 57. Rg5 Rxa4 58. Ke2 Ra2 59. Rxg4+ Kd5 60. Rg5+ Kc6 61. Kd2 Rxb2+ 62. Kc3 Rb4 63. Rg8 Kd5 64. Rg5+ Kc6 65. Rg8 Kd6 66. g4 Kd5 67. Rd8+ Kc6 1/2-1/2

[Event "Manavgat Turkey Cup"]
[Site "Manavgat"]
[Date "2016.01.30"]
[Round "1"]
[White "Ererdem, Gani Eren"]
[Black "Alpaslan, Ayhan"]
[Result "1-0"]
[WhiteElo "2152"]
[BlackElo "1750"]
[PlyCount "73"]
[EventDate "2016.01.30"]
[EventType "swiss"]
[EventRounds "11"]
[EventCountry "TUR"]
[SourceTitle "CBM 170 Extra"]
[Source "ChessBase"]
[SourceDate "2016.02.25"]
[SourceVersion "1"]
[SourceVersionDate "2016.02.25"]
[SourceQuality "1"]

1. d4 Nf6 2. Nf3 g6 3. c4 d5 4. cxd5 Nxd5 5. g3 Bg7 6. Bg2 0-0 7. 0-0 Nc6 8. Nc3 Nxc3 9. bxc3 Bf5 10. Nh4 Qd7 11. Nxf5 Qxf5 12. Qb3 Rab8 13. e4 Qd7 14. Rd1 Na5 15. Qc2 Nc4 16. Bf1 Nd6 17. Be3 b6 18. Rac1 Qg4 19. e5 Nf5 20. Bf4 Nh6 21. Qd2 Qh5 22. Be2 Qh3 23. Bf1 Qh5 24. Kg2 g5 25. Bxg5 f5 26. Be2 Qg6 27. Bxe7 Rfe8 28. Bg5 Nf7 29. Bf4 Rbd8 30. Qe3 Nd6 31. Bf3 Nc4 32. Qe2 Na5 33. Bh5 Qc6+ 34. d5 Qc4 35. Qxc4 Nxc4 36. Bxe8 Rxe8 37. d6 1-0

[Event "TUR-ch"]
[Site "Antalya"]
[Date "2013.02.05"]
[Round "6"]
[White "Arslan, Erdal"]
[Black "Alpaslan, Ayhan"]
[Result "1-0"]
[WhiteElo "2067"]
[BlackElo "1819"]
[PlyCount "70"]
[EventDate "2013.02.02"]
[EventType "swiss"]
[EventRounds "11"]
[EventCountry "TUR"]
[SourceTitle "CBM 152 Extra"]
[Source "ChessBase"]
[SourceDate "2013.02.25"]
[SourceVersion "1"]
[SourceVersionDate "2013.02.25"]
[SourceQuality "1"]

1. d4 d5 2. c4 c6 3. Nc3 e6 4. Nf3 Nf6 5. Bg5 Be7 6. e3 dxc4 7. Bxc4 Nd5 8. Bxe7 Qxe7 9. 0-0 Nxc3 10. bxc3 0-0 11. e4 Nd7 12. Re1 b5 13. Bb3 Qa3 14. Re3 a5 15. Ng5 h6 16. Nf3 a4 17. Bc2 Nb6 18. Ne5 Nc4 19. Nxc4 bxc4 20. e5 Bd7 21. Rg3 f5 22. exf6 Rxf6 23. Qg4 Qf8 24. Qe4 Rf5 25. Qe2 Rf6 26. Rf1 c5 27. Qxc4 cxd4 28. Qxd4 Bb5 29. c4 Rf4 30. Rxg7+ Qxg7 31. Qxf4 Bc6 32. f3 Rd8 33. Rb1 Qd4+ 34. Qxd4 Rxd4 35. Rb4 Rd2 1-0

[Event "TUR-ch"]
[Site "Antalya"]
[Date "2013.02.03"]
[Round "3"]
[White "Alpaslan, Ayhan"]
[Black "Karagollu, Ahmet"]
[Result "0-1"]
[WhiteElo "1819"]
[BlackElo "2031"]
[PlyCount "76"]
[EventDate "2013.02.02"]
[EventType "swiss"]
[EventRounds "11"]
[EventCountry "TUR"]
[SourceTitle "CBM 152 Extra"]
[Source "ChessBase"]
[SourceDate "2013.02.25"]
[SourceVersion "1"]
[SourceVersionDate "2013.02.25"]
[SourceQuality "1"]

1. e4 e5 2. Nf3 Nc6 3. Bb5 a6 4. Ba4 Nf6 5. 0-0 Be7 6. d3 b5 7. Bb3 d6 8. Bg5 Na5 9. Nbd2 0-0 10. c4 Nxb3 11. axb3 Bb7 12. Qc2 h6 13. Bh4 Nh5 14. Bg3 c5 15. Rfe1 g6 16. h3 f5 17. exf5 gxf5 18. Kh1 Rf7 19. Qd1 Rg7 20. Bh2 Qe8 21. Rg1 Nf6 22. Nh4 Qd7 23. Qe2 Kh7 24. Nhf3 Rag8 25. Ne1 bxc4 26. bxc4 Qc6 27. f3 Nh5 28. Nf1 Bh4 29. Ne3 Qc8 30. Nd5 Bxd5 31. cxd5 Bg3 32. d4 cxd4 33. Qxa6 Qd8 34. Qd3 Qg5 35. Qe2 Bxh2 36. Kxh2 Qf4+ 37. g3 Nxg3 38. Ng2 Nf1+ 0-1